|
|
|
|
| LEADER |
02571nam a2200613 a 4500 |
| 001 |
nkc20071750630 |
| 003 |
CZ PrNK |
| 005 |
20111012114010.0 |
| 007 |
ta |
| 008 |
070906s2007 xr ch e c 000 0dcze |
| 015 |
|
|
|a cnb001750630
|
| 020 |
|
|
|a 978-80-254-1202-2
|q (v knize neuvedeno :
|q brož.)
|
| 035 |
|
|
|a (OCoLC)190778429
|
| 040 |
|
|
|a BOA001
|b cze
|d ABA001
|
| 043 |
|
|
|a e-xr---
|b e-xr-mr
|2 czenas
|
| 045 |
|
|
|a x2y0
|
| 072 |
|
7 |
|a 821.162.3.09
|x Česká literatura (o ní)
|2 Konspekt
|9 11
|
| 080 |
|
|
|a 821.162.3-055.2
|2 MRF
|
| 080 |
|
|
|a 821.162.3
|2 MRF
|
| 080 |
|
|
|a 82-027.541
|2 MRF
|
| 080 |
|
|
|a 82-027.22
|2 MRF
|
| 080 |
|
|
|a (437.32)
|2 MRF
|
| 080 |
|
|
|a (083.824)
|2 MRF
|
| 100 |
1 |
|
|a Sládková, Věra,
|d 1927-2006
|7 jk01111755
|4 art
|
| 245 |
1 |
0 |
|a Věra Sládková :
|b jeden příběh, jeden osud-- : [moravská spisovatelka druhé poloviny 20. století v dokumentech a svědectvích : výstava Památníku písemnictví na Moravě, Rajhrad, květen - září 2007 /
|c autoři Vojen Drlík, Kateřina Vávrová]
|
| 246 |
3 |
0 |
|a Jeden příběh, jeden osud--
|
| 260 |
|
|
|a [Rajhrad] :
|b Muzeum Brněnska,
|c 2007
|
| 300 |
|
|
|a 47 s. :
|b portréty, faksim. ;
|c 14 x 15 cm
|
| 500 |
|
|
|a Název z obálky
|
| 500 |
|
|
|a Životopisná data
|
| 504 |
|
|
|a Obsahuje bibliografické odkazy
|
| 600 |
1 |
7 |
|a Sládková, Věra,
|d 1927-2006
|7 jk01111755
|2 czenas
|
| 648 |
|
7 |
|a od 1945
|7 ch601408
|2 czenas
|
| 648 |
|
7 |
|a 20.-21. století
|7 ch462155
|2 czenas
|
| 650 |
0 |
7 |
|a české spisovatelky
|7 ph128153
|y 20.-21. stol.
|2 czenas
|
| 650 |
0 |
7 |
|a česká literatura
|7 ph116858
|y od 1945
|2 czenas
|
| 650 |
0 |
7 |
|a regionální literatura
|7 ph125079
|z Česko
|y 20.-21. stol.
|2 czenas
|
| 650 |
0 |
7 |
|a literární život
|7 ph122405
|z Česko
|y 20.-21. stol.
|2 czenas
|
| 650 |
0 |
9 |
|a Czech women authors
|y 20th-21st centuries
|2 eczenas
|
| 650 |
0 |
9 |
|a Czech literature
|y 1945-
|2 eczenas
|
| 650 |
0 |
9 |
|a regional literature
|z Czechia
|y 20th-21st centuries
|2 eczenas
|
| 650 |
0 |
9 |
|a literary life
|z Czechia
|y 20th-21st centuries
|2 eczenas
|
| 655 |
|
7 |
|a katalogy výstav
|7 fd132536
|2 czenas
|
| 655 |
|
9 |
|a exhibition catalogs
|2 eczenas
|
| 651 |
|
7 |
|a Morava (Česko)
|7 ge130070
|2 czenas
|
| 651 |
|
9 |
|a Moravia (Czechia)
|2 eczenas
|
| 700 |
1 |
|
|a Drlík, Vojen,
|d 1944-
|7 ola200207416
|4 wfw
|
| 700 |
1 |
|
|a Vávrová, Kateřina,
|d 1983-
|7 mzk2007411124
|4 wfw
|
| 710 |
2 |
|
|a Památník písemnictví na Moravě
|7 ko2006332782
|
| 910 |
2 |
|
|a BOA001
|b 1-1191.641
|
| 990 |
|
|
|a BK
|
| 995 |
|
|
|a 01
|
| 991 |
|
|
|b 200709
|c NOV
|
| 996 |
6 |
|
|b 2610319468
|c 1-1191.641
|l MZK
|r Sklad / do 1 hodiny
|n 1
|p p.v.
|w 000864550
|u 000010
|a 1
|e BOA001
|j MZK50
|s P
|